000 00843nam a2200253 a 4500
001 13106
003 BD-JhCC
005 20230711081404.0
008 230710b2018 bg |||| ||a| 001 0 ben d
020 _a9789843411853
035 _a(BD-JhCC)13106
040 _aBD-JhCC
_dBD-JhCC
041 _aBengali
082 _a320.1
_bMAC 2018
100 _aম্যাকিয়াভেলী, ‍নিকোলো
245 _aদ্য প্রিন্স /
_cনিকোলো ম্যাকিয়াভেলী, ‍অনু: রাশেদ মামুন।
260 _aঢাকা :
_bনুসরাত প্রকাশনী ;
_c2018.
300 _a112 p. :
_c20 cm.
650 _aPolitical ethics
650 _aPolitical science
700 _aমামুন,রাশেদ
942 _2ddc
_cBK
999 _c13106
_d13106